000 00391nam a2200145Ia 4500
008 230711s9999||||xx |||||||||||||| ||und||
041 _aENG
082 _a621.092
_bBR-H
100 _aBrown,Guthrie J
245 0 _aHydro electric engineering practice
250 _a5th Ed.
260 _c1984
_aNew Delhi
_bCBS Publishers & Distributors Pvt.Ltd
650 _aElectrical Engineering
942 _cBK
999 _c544
_d544